000 00580nam a2200217Ia 4500
005 20241129111113.0
008 241129s9999||||xx |||||||||||||| ||und||
020 _a978-93-91952-14-3
037 _aTB
040 _aCRL
_beng
_cCRL
041 _aeng
_2eng
084 _aQ4.2 R3
_qCRL
100 _aJoshi Ajay Au.
_9723316
245 0 _aDharma diplomacy India and China
_cJoshi Ajay Au.
260 _aNew Delhi, India
_bSumit Enterorises
_c2023
300 _a161p.
365 _aINR
_b995
650 _aBuddhism
942 _cTB
_hQ4.2 R3
999 _c1228938
_d1228938